| 000 | 02480nam a2200481 c 4500 | ||
|---|---|---|---|
| 001 | 1321031203 | ||
| 003 | DE-101 | ||
| 005 | 20240606124117.0 | ||
| 007 | tu | ||
| 008 | 240220s2023 gw ||||| |||| 00||||pol | ||
| 015 |
_a24,B23 _2dnb |
||
| 016 | 7 |
_2DE-101 _a1321031203 |
|
| 020 | _cBroschur | ||
| 035 | _a(DE-599)DNB1321031203 | ||
| 035 | _a(OCoLC)1437791337 | ||
| 040 |
_a1180 _bger _cDE-101 _dDE-2950 _erda |
||
| 041 |
_apol _hger |
||
| 044 | _cXA-DE | ||
| 082 | 7 | 4 |
_83\p _a430 _a830 _a891.8 _qDE-101 _223sdnb |
| 084 |
_aAL 52671 _0(DE-625)3639:586 _2rvk |
||
| 130 | 0 | _a10 Jahre Karl Dedecius Stiftung | |
| 245 | 1 | 0 |
_a10 lat Fundacji im. Karla Dedeciusa : _bwspomnienia i perspektywy / _cRedakcja: Ilona Czechowska, Małgorżata Szajbel-Keck ; tłumaczenie: Jacek Dąbrowski, Slawa Lisiecka |
| 264 | 1 |
_aFrankfurt (Oder): _bEuropa-Universität Viadrina, _c[2023] |
|
| 300 |
_a100 Seiten: _bIllustrationen; _c21 cm |
||
| 336 |
_aText _btxt _2rdacontent |
||
| 337 |
_aohne Hilfsmittel zu benutzen _bn _2rdamedia |
||
| 338 |
_aBand _bnc _2rdacarrier |
||
| 490 | 1 |
_aUniversitätsschriften / Europa-Universität Viadrina, Frankfurt (Oder); _vSonderausgabe |
|
| 650 | 7 |
_0(DE-588)4016928-5 _0https://d-nb.info/gnd/4016928-5 _0(DE-101)040169286 _aFestschrift _2gnd |
|
| 650 | 7 |
_0(DE-588)4143413-4 _0https://d-nb.info/gnd/4143413-4 _0(DE-101)041434137 _aAufsatzsammlung _2gnd |
|
| 653 | _a Dedecius, Karl; Philologe, Linguist, Übersetzer, Schriftsteller, Herausgeber, Essayist, Versicherungsdirektor, 1921-2016 | ||
| 653 | _aKarl Dedecius Stiftung | ||
| 655 | 7 |
_0(DE-588)4143413-4 _0https://d-nb.info/gnd/4143413-4 _0(DE-101)041434137 _aAufsatzsammlung _2gnd-content |
|
| 700 | 1 |
_81\p _0(DE-588)1141686414 _0https://d-nb.info/gnd/1141686414 _0(DE-101)1141686414 _aCzechowska, Ilona _d1981- _eHerausgeber _4edt |
|
| 710 | 2 |
_82\p _0(DE-588)1319204295 _0https://d-nb.info/gnd/1319204295 _0(DE-101)1319204295 _aKarl-Dedecius-Stiftung _eGefeierter _4hnr |
|
| 810 | 2 |
_aEuropa-Universität Viadrina Frankfurt (Oder) _4aut _tUniversitätsschriften _vSonderausgabe _w(DE-101)018023940 _w(DE-600)1293599-2 _949999so _7as |
|
| 856 | 4 | 2 |
_mB:DE-101 _qapplication/pdf _uhttps://d-nb.info/1321031203/04 _3Inhaltsverzeichnis |
| 883 | 2 |
_81\p _adnb _d20240524 _qDE-101 _uhttps://d-nb.info/provenance/plan#dnb |
|
| 883 | 2 |
_82\p _adnb _d20240524 _qDE-101 _uhttps://d-nb.info/provenance/plan#dnb |
|
| 883 | 2 |
_83\p _adnb _d20240528 _qDE-101 _uhttps://d-nb.info/provenance/plan#dnb |
|
| 942 |
_2z _cB |
||
| 999 |
_c373158 _d373158 |
||